00414cam a22001337a 4500008004000000082001700040100002200057245008400079260002400163300001000187650003200197650003400229700001700263180718b1992 xxu||||| |||| 00| 0 eng d aA6x5431 W139 aWakhlu, Khem Lata aKashmir behind the white curtain 1972-1991cby Kham Lata Wakhlu and O.N. Wakhlu aDelhibKonarkc1992 a402p. aPolitical science - History aKashmir - History - 1972-1991 aWakhlu, O.N.